000 00883nam a2200253Ia 4500
003 OSt
005 20221005103136.0
006 a|||||r|||| 00| 0
007 ta
008 221004b |||||||| |||| 00| 0 hin d
024 _a55643
037 _cTextual
040 _aCRL
_cCRL
_bhin
041 _2hin
_ahin
082 _aY:42, 152K0
100 _aवर्मा, परिपूर्णानन्द
245 0 _aपतन की परिभाषा
246 _aPatan kī paribhāṣhā
260 _aउत्तर
_bप्रदेश प्रकाशन शाखा सूचना विभाग भारत
_c1960
300 _a452पृ0
_ccm.
650 _aभारतीय-लोक साहित्य
942 _hY:42, 152K0
_cTEXL
_2cc
999 _c1009512
_d1009512